• 首页
  • 本馆介绍
  • 公告通知
  • 最新文献
  • 馆藏检索
  • 电子资源
  • 读者导购
  • 参考咨询
  • 我的图书馆
  • 登录
  • 详细信息显示
  • 放入我的书架
  • 预约/预借图书
  • 作者相关作品
  • 分类相关作品
  • 丛书相关作品
  • 出版社相关作品

书目信息

  • 表格格式
  • 工作单格式
  • 卡片格式
题名:
齐性流形引论
    
 
作者: 村上信吾 著
分册:  
出版信息: 上海   上海科学技术出版社  1983
页数: 188页
开本: 19cm
丛书名:
单 册:
中图分类: O189.3
科图分类:
主题词: 解析拓扑学
电子资源:
ISBN:
000 00644nam0 2200229 45
001 0183011978
005 20060818145516.25
010    @dCNY0.86
091    @aCN@b13129.1022
100    @a19950518d1983 emky0chiy0121 ea
101 1  @achi@cjpn
102    @aCN@b310000
105    @ay z 000yy
200 10 @a齐性流形引论@Aqi xing liu xing yin lun@f(日)村上信吾著@F(ri)cun shang xin wu zhu
210    @a上海@c上海科学技术出版社@d1983
215    @a188页@d19cm
606    @a解析拓扑学
690    @aO189.3@v3
701  0 @a村上信吾@Acun shang xin wu@4著
801  2 @aCN@bNLC@c20060818
801  0 @aCN@bTSSF@c20060818
905    @a10447@dO189.3@e41
    
    齐性流形引论/(日)村上信吾著.-上海:上海科学技术出版社,1983
    188页;19cm
    
    
    ISBN :CNY0.86
    
●
相关链接 在E读中查询图书 在五车中查询图书 在当当中查询图书 在豆瓣中查询图书


正题名:齐性流形引论     索取号:O189.3/41         预约/预借

序号 登录号 条形码 馆藏地/架位号 状态 备注
1 0461503   204615032   密集书库/ [索取号:O189.3/41] 在馆    
2 0461504   204615041   密集书库/ [索取号:O189.3/41] 在馆    
3 0468598   204685983   密集书库/ [索取号:O189.3/41] 在馆    
4 0468678   204686786   密集书库/ [索取号:O189.3/41] 在馆    
唐山师范学院图书馆 欢迎您!
大连网信软件有限公司© 版权所有